Obras completas. tomo i /

Guardado en:
Autor Principal: Cervantes Saavedra, Miguel de
Formato: Libro
Publicado: Barcelona : Planeta, 1967
Edición:2a. ed.
Series:Clásicos, 1
Materias:
Etiquetas: Agregar Etiqueta
Sin Etiquetas, Sea el primero en etiquetar este registro!
LEADER 00603nam a22002055a 4500
001 CEM.cems001585
005 20060214000000.0
008 130507s1967##################000#0#####d
003 CEMS
082 0 4 |a 863.3 
100 1 |a Cervantes Saavedra, Miguel de 
245 1 0 |a Obras completas. tomo i / 
250 |a 2a. ed. 
260 |a Barcelona :  |b Planeta,  |c 1967 
300 |a 1509 p. 
490 0 |a Clásicos, 1 
505 0 |a Don Quijote de la Mancha y Quijote de Avellaneda. 
653 |a Literatura 
653 |a Novela española-siglo de oro 
859 |a CEMS  |b BIB. CEMS - 11 de abril  |h 863.3  |i C337-11a2/I  |p 9088.81  |t Ej.1